Statistiken für Moderne Wortkürzungen

Klicken Sie hier um das Quiz zu spielen!

Allgemein

  • Dieses Quiz wurde 2.419 mal gespielt
  • Das Durchschnittsergebnis liegt bei 19 aus 24

Antwortstatistiken

gekürzte FormLangform% Korrekt
InfoInformation
97%
UniUniversität
97%
DinoDinosaurier
96%
KuliKugelschreiber
94%
AluAluminium
92%
'neneinen
92%
KripoKriminalpolizei
91%
LokLokomotive
91%
SchiriSchiedsrichter
91%
PromiProminente(r)
90%
DeoDeodorant
88%
KitaKindertagesstätte
88%
AboAbonnement
85%
AzubiAuszubildende(r)
82%
RadFahrrad
82%
TachoTachometer
79%
FotoFotografie
73%
StGBStrafgesetzbuch
70%
CabrioCabriolet
69%
AppApplikation
68%
S-BahnStadtbahn
63%
TrabiTrabant
63%
BahnEisenbahn
53%
AkkuAkkumulator
49%

Verteilung der Resultate

Perzentil nach korrekt beantworteten Fragen

Anzahl Personen mit jedem Resultat

Ihre Resultats-Entwicklung

Sie haben dieses Quiz noch nicht gespielt